| 000 | 00422 a2200181 4500 | ||
|---|---|---|---|
| 260 | _bTechnique et documentation-Lavoisier | ||
| 245 | _aAménagement et développement rural.Un plaidoyer | ||
| 300 | _av-210p. | ||
| 260 | _aParis | ||
| 260 | _c1987 | ||
| 130 | _lFR | ||
| 100 | _aGADANT,Jean | ||
| 690 | _aAMENAGEMENT | ||
| 690 | _aDEVELOPPEMENT RURAL | ||
| 020 | _a2-85206-403-0 | ||
| 999 |
_c28957 _d28957 |
||